Statistics for American Countries With Six Letters - One Minute Sprint

Click here to take the quiz!

General Stats

  • This quiz has been taken 81 times
  • The average score is 5 of 6

Answer Stats

country% Correct
Canada
95%
Mexico
87%
Panama
86%
Belize
80%
Brazil
79%
Guyana
72%

Score Distribution

Percentile by Number Answered

Percent of People with Each Score

Your Score History

You have not taken this quiz